000 00926nam a2200229 a 4500
001 22188
003 CO-ViMGA
008 141112s2004 ck r 000 u spa d
020 _a9701511328
040 _aCO-ViMGA
_bspa
_cCO-ViMGA
082 0 4 _aMEVIGAPOR.65 V351a
100 1 _aVillapecellín Cid, Manuel M.
_931600
245 1 0 _aArquitecturas de red multicapa :
_bConexión de bases de datos
260 _aMexico :
_bAlfaomega,
_c2005
300 _a504p+CD ROM
505 _aArquitecturas de red 1 - - ODBC 15 - - Servidores Web 103 - - HTML 111 - - CGI 149 - - SQL embebido 187 - - Java 231 - - JDBC 311 - - Applets 339 - - Servlets 437 - - Oracle forms server 473
590 _aForma de adquisición : Compra - - Precio : 83.000 - - Proveedor : Bernalibros - - Fecha de adquisición : Octubre 2007
650 1 4 _aBASES DE DATOS
650 1 4 _aPAGINAS WEB
650 1 4 _aREDES DE ORDENADORES
_931601
942 _2ddc
_cBK
999 _c30614
_d30614